| 000 | 00375nam a22001457a 4500 | ||
|---|---|---|---|
| 008 | 250701b |||||||| |||| 00| 0 eng d | ||
| 020 | _a9781853264610 | ||
| 050 |
_aB 430 _b.A75 |
||
| 100 | _aGriffith Tom | ||
| 245 | _aAristotle: The Nicoma Cheam Ethics | ||
| 260 |
_aHertfort _bWordsWorth Editions Limited _c1996 |
||
| 300 | _a287p. | ||
| 650 | _aEthics | ||
| 942 | _cBK | ||
| 999 |
_c4035 _d4035 |
||